000 00621nam a2200217Ia 4500
003 GCL
008 140319s9999 xx 000 0 ara d
040 _aGCL /
_cGCL
082 0 4 _a810.9
_bع ف
100 1 _aعمر الدسوقى
245 1 0 _aفى الادب الحديث /
_cعمر الدسوقى
260 _a[S.N] :
_bدار الفكر العربى ،
_c1994
300 _aمتعدد
490 _a
650 0 4 _aالشعر العربى
650 0 4 _aالادب العربى
650 0 4 _aالعصر الحديث
650 0 4 _aالنثر العربى
650 0 4 _aتاريخ ونقد
942 _2ddc
_cBK
999 _c31636
_d31636